[Event "Warsaw YMCA Autumn-B 237th"]
[Site "Warsaw"]
[Date "2020.10.29"]
[Round "6"]
[White "Tarka, Aleksandra"]
[Black "Jaroszuk, Marcin"]
[Result "0-1"]
[WhiteElo "1586"]
[BlackElo "1572"]
[PlyCount "52"]
[EventDate "2020.09.24"]
[EventType "swiss"]
[EventRounds "12"]
[EventCountry "POL"]
[SourceTitle "EXT 2022"]
[Source "ChessBase"]
[SourceDate "2021.10.06"]
[SourceVersion "1"]
[SourceVersionDate "2021.10.06"]
[SourceQuality "1"]

1. e4 e5 2. d4 exd4 3. Qxd4 Nc6 4. Qe3 Nf6 5. Bd2 Be7 6. Nc3 0-0 7. 0-0-0 d5 8. exd5 Nb4 9. Bc4 Bf5 10. Bb3 a5 11. a4 Re8 12. Qf4 Qd7 13. h3 Bd6 14. Qd4 Ne4 15. Be1 Bc5 16. Qc4 Bxf2 17. Nge2 Nd6 18. Bxf2 Nxc4 19. Bxc4 Bxc2 20. Rd4 Bxa4 21. Ng3 b5 22. Be2 Rxe2 23. Ncxe2 Qe7 24. Re4 Qg5+ 25. Nf4 Nd3+ 26. Kb1 Nxf2 0-1

[Event "Warsaw YMCA Autumn-B 221st"]
[Site "Warsaw"]
[Date "2019.10.10"]
[Round "4"]
[White "Ossolinski, Ziemowit"]
[Black "Tarka, Aleksandra"]
[Result "1/2-1/2"]
[WhiteElo "1802"]
[BlackElo "1715"]
[PlyCount "73"]
[EventDate "2019.09.20"]
[EventType "tourn"]
[EventRounds "13"]
[EventCountry "POL"]
[SourceTitle "CBM 195 Extra"]
[Source "ChessBase"]
[SourceDate "2020.05.31"]
[SourceVersion "1"]
[SourceVersionDate "2020.05.31"]
[SourceQuality "1"]

1. e4 c5 2. Nf3 d6 3. d4 cxd4 4. Nxd4 Nf6 5. f3 e5 6. Nb3 Be6 7. c4 Nbd7 8. Be3 Rc8 9. N1d2 Be7 10. Be2 0-0 11. 0-0 Nh5 12. Kh1 Bg5 13. Bf2 g6 14. Nc1 Nf4 15. b3 Nc5 16. g3 Nxe2 17. Qxe2 a5 18. Nd3 Qc7 19. Nb1 a4 20. Nxc5 dxc5 21. Nc3 axb3 22. axb3 Qb6 23. Qc2 Rfd8 24. Rfd1 Be7 25. Nb5 Bd7 26. Nc3 Bc6 27. Qb2 f5 28. Nd5 Bxd5 29. exd5 Bf6 30. Be1 e4 31. Bc3 Bxc3 32. Qxc3 Re8 33. Ra5 Qd6 34. Ra7 Qb8 35. Ra5 Qd6 36. Ra7 Qb8 37. Ra5 1/2-1/2

[Event "Warsaw YMCA Autumn-B 221st"]
[Site "Warsaw"]
[Date "2019.09.27"]
[Round "2"]
[White "Tarka, Aleksandra"]
[Black "Okurowski, Michal"]
[Result "1-0"]
[WhiteElo "1715"]
[BlackElo "1645"]
[PlyCount "49"]
[EventDate "2019.09.20"]
[EventType "tourn"]
[EventRounds "13"]
[EventCountry "POL"]
[SourceTitle "CBM 195 Extra"]
[Source "ChessBase"]
[SourceDate "2020.05.31"]
[SourceVersion "1"]
[SourceVersionDate "2020.05.31"]
[SourceQuality "1"]

1. e4 e5 2. d4 exd4 3. Qxd4 Nc6 4. Qe3 d6 5. Bd2 Nf6 6. Nc3 Be7 7. 0-0-0 Ng4 8. Qe1 0-0 9. f4 f5 10. Bc4+ Kh8 11. h3 Nf6 12. exf5 Bxf5 13. g4 Na5 14. Be6 Bxe6 15. Qxe6 Re8 16. g5 Bf8 17. Qf5 Nc4 18. gxf6 Nxd2 19. Rxd2 Re1+ 20. Rd1 Qe8 21. Nge2 Qe3+ 22. Kb1 Rxh1 23. Rxh1 gxf6 24. Rg1 Re8 25. Qxf6+ 1-0

[Event "Warsaw YMCA Spring-B 184th"]
[Site "Warsaw"]
[Date "2017.05.12"]
[Round "7"]
[White "Tarka, Aleksandra"]
[Black "Prus, Marek"]
[Result "1/2-1/2"]
[WhiteElo "1686"]
[BlackElo "1656"]
[PlyCount "102"]
[EventDate "2017.04.07"]
[EventType "tourn"]
[EventRounds "13"]
[EventCountry "POL"]
[SourceTitle "EXT 2018"]
[Source "ChessBase"]
[SourceDate "2017.10.13"]
[SourceVersion "1"]
[SourceVersionDate "2017.10.13"]
[SourceQuality "1"]

1. d4 Nf6 2. Nc3 d5 3. Bf4 e6 4. e3 Bb4 5. a3 Bxc3+ 6. bxc3 0-0 7. Bd3 Nbd7 8. c4 dxc4 9. Bxc4 Nb6 10. Bd3 Nbd5 11. Bg5 h6 12. Bh4 g5 13. Bg3 c5 14. Nf3 Nc3 15. Qc1 cxd4 16. exd4 Nfe4 17. 0-0 f5 18. Be5 Bd7 19. Nd2 Bc6 20. f3 Nf6 21. Nb1 Ncd5 22. c4 Ne7 23. Nc3 Ng6 24. Qe1 Re8 25. Rd1 Nh5 26. g3 Nxe5 27. Qxe5 Qf6 28. Qxf6 Nxf6 29. f4 Ng4 30. Rfe1 Rad8 31. Bc2 Bf3 32. Rd3 Bc6 33. fxg5 hxg5 34. h3 Nf6 35. Rdd1 Kf7 36. Kf2 Rh8 37. h4 gxh4 38. d5 hxg3+ 39. Kxg3 Rdg8+ 40. Kf4 Rh4+ 41. Ke5 Ng4+ 42. Kd6 exd5 43. cxd5 Rh6+ 44. Kc5 Bd7 45. d6 Rc8+ 46. Kb4 Be6 47. d7 Rc4+ 48. Ka5 Rc5+ 49. Kb4 Rc4+ 50. Ka5 Rc5+ 51. Kb4 Rc4+ 1/2-1/2

[Event "Warsaw YMCA Spring-B 184th"]
[Site "Warsaw"]
[Date "2017.05.11"]
[Round "6"]
[White "Rejniak, Zuzanna"]
[Black "Tarka, Aleksandra"]
[Result "1/2-1/2"]
[WhiteElo "1605"]
[BlackElo "1686"]
[PlyCount "59"]
[EventDate "2017.04.07"]
[EventType "tourn"]
[EventRounds "13"]
[EventCountry "POL"]
[SourceTitle "EXT 2018"]
[Source "ChessBase"]
[SourceDate "2017.10.13"]
[SourceVersion "1"]
[SourceVersionDate "2017.10.13"]
[SourceQuality "1"]

1. e4 Nc6 2. d4 d5 3. exd5 Qxd5 4. Nf3 Bg4 5. Nc3 Qa5 6. Bc4 Nf6 7. Bd2 Qf5 8. Bb5 0-0-0 9. Bxc6 bxc6 10. Qe2 Bxf3 11. gxf3 Rxd4 12. Qa6+ Kd7 13. 0-0-0 e6 14. Be3 Rxd1+ 15. Rxd1+ Bd6 16. Qxa7 Ke7 17. Bb6 Qf4+ 18. Kb1 Nd5 19. Bc5 Nxc3+ 20. bxc3 Kf6 21. Be3 Qxf3 22. Rg1 Be5 23. Qc5 h6 24. Bd4 Rb8+ 25. Ka1 Bxd4 26. Qxd4+ e5 27. Qh4+ Ke6 28. Qc4+ Ke7 29. Qc5+ Kf6 30. Qc4 1/2-1/2

[Event "Warsaw YMCA Spring-B 184th"]
[Site "Warsaw"]
[Date "2017.05.04"]
[Round "5"]
[White "Tarka, Aleksandra"]
[Black "Mlynarski, Zbigniew"]
[Result "1/2-1/2"]
[WhiteElo "1686"]
[BlackElo "1660"]
[PlyCount "116"]
[EventDate "2017.04.07"]
[EventType "tourn"]
[EventRounds "13"]
[EventCountry "POL"]
[SourceTitle "EXT 2018"]
[Source "ChessBase"]
[SourceDate "2017.10.13"]
[SourceVersion "1"]
[SourceVersionDate "2017.10.13"]
[SourceQuality "1"]

1. d4 Nf6 2. c4 g6 3. Nc3 Bg7 4. e4 0-0 5. f4 c5 6. dxc5 Na6 7. Bd3 Nxc5 8. Nf3 d6 9. h3 Qb6 10. Rb1 Nxd3+ 11. Qxd3 Be6 12. Nd5 Bxd5 13. cxd5 Qa5+ 14. Bd2 Qxa2 15. 0-0 Rfc8 16. Bc3 Qc4 17. Qxc4 Rxc4 18. Bxf6 exf6 19. Rfe1 Re8 20. Nd2 Rd4 21. Rbd1 f5 22. e5 Rxd5 23. Nf3 Rxd1 24. Rxd1 dxe5 25. fxe5 Bxe5 26. Rd7 Bxb2 27. Rxb7 Bc1 28. Kf1 Ra8 29. Ne5 a5 30. Rb1 Bh6 31. Nc4 a4 32. Ra1 Bg7 33. Ra2 Ra6 34. Ke2 Kf8 35. Kd3 Ke7 36. Na3 Rb6 37. Nc2 Rb3+ 38. Kd2 Bh6+ 39. Ke2 Rc3 40. Nb4 Rc4 41. Rxa4 Re4+ 42. Kf3 Re3+ 43. Kf2 Kf8 44. Nd5 Rb3 45. Nf6 f4 46. Ra8+ Ke7 47. Ng8+ Ke6 48. Nxh6 f5 49. Ra7 g5 50. Rxh7 Rb2+ 51. Kf3 Rb3+ 52. Kf2 Rb2+ 53. Kg1 Rb1+ 54. Kh2 Rb2 55. Kg1 Rb1+ 56. Kh2 Rb2 57. Kg1 Rb1+ 58. Kh2 Rb2 1/2-1/2

[Event "Warsaw YMCA Spring-B 184th"]
[Site "Warsaw"]
[Date "2017.04.07"]
[Round "1"]
[White "Tarka, Aleksandra"]
[Black "Sieczkowski, Adam"]
[Result "1-0"]
[WhiteElo "1686"]
[BlackElo "1550"]
[PlyCount "63"]
[EventDate "2017.04.07"]
[EventType "tourn"]
[EventRounds "13"]
[EventCountry "POL"]
[SourceTitle "EXT 2018"]
[Source "ChessBase"]
[SourceDate "2017.10.13"]
[SourceVersion "1"]
[SourceVersionDate "2017.10.13"]
[SourceQuality "1"]

1. d4 Nf6 2. Nc3 d5 3. Bf4 Bf5 4. f3 e6 5. g4 Bg6 6. h4 h5 7. g5 Nfd7 8. e4 dxe4 9. Nxe4 Nc6 10. Bb5 Nb6 11. c3 Bd6 12. Qd2 0-0 13. 0-0-0 Qe7 14. Bxd6 cxd6 15. Ne2 a6 16. Bd3 d5 17. N4g3 Nc4 18. Bxc4 dxc4 19. Nf4 b5 20. Ngxh5 e5 21. dxe5 Nxe5 22. Ng3 Rad8 23. Qe2 Qc7 24. Ne4 b4 25. h5 bxc3 26. hxg6 Nd3+ 27. Nxd3 cxd3 28. Rxd3 cxb2+ 29. Kb1 Qc4 30. Rh8+ Kxh8 31. Qh2+ Kg8 32. Qh7# 1-0

[Event "POL Olympiad U14 Girls"]
[Site "Drzonkow"]
[Date "2017.04.06"]
[Round "6"]
[White "Tarka, Aleksandra"]
[Black "Harazinska, Magdalena"]
[Result "0-1"]
[WhiteElo "1686"]
[BlackElo "1917"]
[PlyCount "74"]
[EventDate "2017.04.02"]
[EventType "swiss"]
[EventRounds "9"]
[EventCountry "POL"]
[SourceTitle "EXT 2020"]
[Source "ChessBase"]
[SourceDate "2019.10.17"]
[SourceVersion "1"]
[SourceVersionDate "2019.10.17"]
[SourceQuality "1"]

1. d4 d5 2. Bf4 Nf6 3. e3 e6 4. Nf3 c5 5. c3 Nc6 6. Nbd2 Bd6 7. Bg3 0-0 8. Bd3 h6 9. Ne5 Bxe5 10. dxe5 Nd7 11. f4 c4 12. Bb1 Qb6 13. Qc2 Qxe3+ 14. Kd1 f5 15. exf6 Nxf6 16. Re1 Qc5 17. Bh4 Bd7 18. Bxf6 Rxf6 19. Qh7+ Kf7 20. Nf3 Qf8 21. g3 Ke7 22. Kd2 Kd8 23. h4 Kc7 24. Qc2 Qc5 25. Re2 Rd8 26. b4 Qb6 27. a4 Kb8 28. b5 d4 29. Qe4 dxc3+ 30. Kxc3 Qa5+ 31. Kb2 Qb4+ 32. Kc2 Be8 33. Ba2 Bg6 34. Qxg6 Rxg6 35. bxc6 Qxa4+ 36. Kb2 Rd3 37. Ne5 c3+ 0-1

[Event "POL Olympiad U14 Girls"]
[Site "Drzonkow"]
[Date "2017.04.05"]
[Round "5"]
[White "Tarka, Aleksandra"]
[Black "Pisarek, Elzbieta"]
[Result "1-0"]
[WhiteElo "1686"]
[BlackElo "1403"]
[PlyCount "61"]
[EventDate "2017.04.02"]
[EventType "swiss"]
[EventRounds "9"]
[EventCountry "POL"]
[SourceTitle "EXT 2020"]
[Source "ChessBase"]
[SourceDate "2019.10.17"]
[SourceVersion "1"]
[SourceVersionDate "2019.10.17"]
[SourceQuality "1"]

1. d4 Nf6 2. Nc3 e6 3. e4 Bb4 4. Bd2 0-0 5. Bd3 d6 6. e5 Bxc3 7. Bxc3 Nd5 8. Bd2 dxe5 9. dxe5 h6 10. Qh5 Ne7 11. 0-0-0 Qe8 12. g4 f5 13. Qh3 Qa4 14. g5 Qxa2 15. c3 hxg5 16. Bxg5 Nbc6 17. Nf3 a5 18. Bxe7 Nxe7 19. Ng5 Rd8 20. Qh7+ Kf8 21. Bb1 Rxd1+ 22. Rxd1 Qd5 23. Rxd5 exd5 24. e6 a4 25. Qh5 g6 26. Qh8+ Ng8 27. Qh7 Bxe6 28. Nxe6+ Ke8 29. Qxg8+ Kd7 30. Qxa8 Kxe6 31. Qxb7 1-0

[Event "POL Olympiad U14 Girls"]
[Site "Drzonkow"]
[Date "2017.04.02"]
[Round "1"]
[White "Tarka, Aleksandra"]
[Black "Bienko, Jagoda"]
[Result "1-0"]
[WhiteElo "1686"]
[BlackElo "1328"]
[PlyCount "127"]
[EventDate "2017.04.02"]
[EventType "swiss"]
[EventRounds "9"]
[EventCountry "POL"]
[SourceTitle "EXT 2020"]
[Source "ChessBase"]
[SourceDate "2019.10.17"]
[SourceVersion "1"]
[SourceVersionDate "2019.10.17"]
[SourceQuality "1"]

1. d4 d5 2. c4 c6 3. Nf3 Nf6 4. e3 e6 5. Nbd2 Nbd7 6. Bd3 c5 7. 0-0 Bd6 8. e4 cxd4 9. cxd5 e5 10. Nc4 Qc7 11. Nfxe5 Nxe5 12. Nxe5 Bxe5 13. f4 Bd6 14. e5 Nxd5 15. exd6 Qxd6 16. Bb5+ Bd7 17. Bxd7+ Qxd7 18. Qxd4 0-0 19. Rd1 Rfd8 20. Be3 Nf6 21. Qxd7 Rxd7 22. Rxd7 Nxd7 23. Rd1 Nf8 24. f5 b6 25. Kf2 g6 26. f6 Ne6 27. Rd7 h5 28. Kf3 Nd8 29. Rc7 Ne6 30. Rc4 Rd8 31. a4 Rd5 32. g4 hxg4+ 33. Kxg4 Rh5 34. h4 Re5 35. Bg5 Rc5 36. Rb4 Rd5 37. Re4 Rd4 38. Rxd4 Nxd4 39. Be3 Nc6 40. Kf4 Na5 41. Ke4 Nc4 42. Bd4 Kf8 43. Kd5 Na5 44. b4 Nb3 45. Be3 Ke8 46. Kc4 Na1 47. Kc3 Kd7 48. Kb2 Ke6 49. Bg5 Kd5 50. Kxa1 Kc4 51. Bd2 Kb3 52. a5 b5 53. Kb1 a6 54. Kc1 Kc4 55. Kd1 Kd3 56. Ke1 Ke4 57. Kf2 Kf5 58. Bg5 Ke4 59. Kg3 Kd3 60. Bf4 Kc4 61. Bd6 Kd5 62. Be7 Ke4 63. Kg4 Ke5 64. h5 1-0

[Event "Warsaw YMCA Autumn-D 177th"]
[Site "Warsaw"]
[Date "2016.11.02"]
[Round "7"]
[White "Tarka, Aleksandra"]
[Black "Sieczkowski, Adam"]
[Result "0-1"]
[WhiteElo "1433"]
[BlackElo "1478"]
[PlyCount "120"]
[EventDate "2016.09.19"]
[EventType "tourn"]
[EventRounds "13"]
[EventCountry "POL"]
[SourceTitle "EXT 2019"]
[Source "ChessBase"]
[SourceDate "2018.10.10"]
[SourceVersion "1"]
[SourceVersionDate "2018.10.10"]
[SourceQuality "1"]

1. d4 Nf6 2. c4 e5 3. dxe5 Ng4 4. Bf4 Nc6 5. Nf3 Bc5 6. e3 Qe7 7. Nc3 Ngxe5 8. Nxe5 Nxe5 9. Bxe5 Qxe5 10. Qd5 Qe7 11. a3 c6 12. Qe4 0-0 13. Bd3 f5 14. Qxe7 Bxe7 15. 0-0-0 d6 16. f3 Bg5 17. f4 Be7 18. g3 Be6 19. e4 fxe4 20. Nxe4 d5 21. Nd2 Bf6 22. Rde1 Bf7 23. g4 g5 24. f5 Rad8 25. Rd1 Rfe8 26. cxd5 Rxd5 27. Ne4 Kg7 28. Bc2 Rxd1+ 29. Rxd1 Bd5 30. Nxf6 Kxf6 31. h3 Re3 32. Rd3 Rxd3 33. Bxd3 Bg2 34. Be2 Bxh3 35. Bf3 h5 36. gxh5 Bxf5 37. Kd2 g4 38. Bg2 Kg5 39. Ke3 Kxh5 40. Kf4 Be6 41. Kg3 Kg5 42. Be4 Bd5 43. Bd3 Bf3 44. b4 Kf6 45. Kf4 Ke6 46. Bc4+ Kd6 47. Bb3 a6 48. a4 c5 49. b5 axb5 50. axb5 Be2 51. Bc2 Kc7 52. Be4 Bxb5 53. Kxg4 Bc6 54. Bc2 Kb6 55. Kf4 Ka5 56. Ke5 Kb4 57. Kd6 c4 58. Bd1 Kc3 59. Kc5 Kd2 60. Kxc4 Kxd1 0-1